|
|
|
|
| LEADER |
01014nam a2200253 a 4500 |
| 001 |
12396999 |
| 008 |
090616s2002 maua b 001 0 eng d |
| 010 |
|
|
|a 2001032949
|
| 020 |
|
|
|a 0072410817 (pbk. : alk. paper)
|
| 040 |
|
|
|a DLC
|c DLC
|d DLC
|
| 082 |
0 |
0 |
|a 658.8/4
|2 21
|
| 100 |
1 |
|
|a Greenstein, Marilyn.
|
| 245 |
1 |
0 |
|a Electronic commerce :
|b security, risk management, and control /
|c Marilyn Greenstein, Miklos Vasarhelyi.
|
| 250 |
|
|
|a 2nd ed.
|
| 260 |
|
|
|a Boston :
|b McGraw-Hill/Irwin,
|c c2002.
|
| 300 |
|
|
|a xxiii, 495 p. :
|b ill. ;
|c 26 cm.
|
| 504 |
|
|
|a Includes bibliographical references and index.
|
| 541 |
1 |
|
|e 00009503
|
| 650 |
|
0 |
|a Electronic commerce.
|
| 650 |
|
0 |
|a Risk management.
|
| 700 |
1 |
|
|a Vasarhelyi, Miklos A.
|
| 852 |
4 |
|
|a Ayesha Abed Library
|j General shelf
|
| 999 |
|
|
|c 1448
|d 1448
|
| 952 |
|
|
|0 0
|1 0
|2 ddc
|4 0
|6 658_840000000000000_GRE_2002
|7 0
|9 1326
|a BRACUL
|b BRACUL
|c GEN
|d 2009-06-28
|g 0.00
|l 3
|m 10
|o 658.84 GRE
|p 3010009503
|r 2017-06-22
|s 2011-06-30
|t 1
|w 2009-06-28
|y BK
|x No price found in the accession register.
|